000 00765nam a2200253Ia 4500
003 OSt
005 20220928123522.0
006 a|||||r|||| 00| 0
007 ta
008 220927b |||||||| |||| 00| 0 eng d
020 _c75
024 _a109394
037 _b186, 21/09/2010, Eastern Book Linkers
_cTextual
040 _aSDCL
_cSDCL
_beng
041 _2eng
_aeng
082 _aQ127:25, P6
100 _aKaranam Vadirajacharya Ed.
_9461221
245 0 _aIshavasyopanishad bhashyam.
260 _aBangalore
_bVishva Madhwa Mahaparishat
_c2006
300 _axl,236p.
_ccm.
650 _aSanskrit
_9391587
942 _hQ127:25, P6
_cTEXL
_2CC
999 _c774274
_d774274